[Event "Hoersching op 3rd"]
[Site "Hoersching"]
[Date "2015.09.05"]
[Round "6"]
[White "Sandhoefner, Florian"]
[Black "Fassmann, Klaus Juergen"]
[Result "1-0"]
[WhiteElo "2301"]
[BlackElo "2056"]
[PlyCount "87"]
[EventDate "2015.08.31"]
[EventType "swiss"]
[EventRounds "7"]
[EventCountry "AUT"]
[SourceTitle "EXT 2016"]
[Source "ChessBase"]
[SourceDate "2015.10.08"]
[SourceVersion "1"]
[SourceVersionDate "2015.10.08"]
[SourceQuality "1"]

1. e4 e5 2. Nf3 Nc6 3. Nc3 Nf6 4. d4 exd4 5. Nxd4 Bb4 6. Nxc6 bxc6 7. Bd3 d6 8. 0-0 0-0 9. Bg5 h6 10. Bh4 Qe7 11. f4 Qe6 12. Qf3 Nh7 13. Na4 Qg4 14. Qf2 Qd7 15. a3 Ba5 16. b4 Bb6 17. Nxb6 axb6 18. c4 Ba6 19. Qc2 g6 20. h3 b5 21. cxb5 Bxb5 22. a4 Bxd3 23. Qxd3 Rfb8 24. Qd4 Qe6 25. f5 Qb3 26. Rfb1 c5 27. Rxb3 cxd4 28. b5 c5 29. Be7 c4 30. Rb4 Rb7 31. Bxd6 c3 32. Be5 c2 33. Bxd4 Rd7 34. Kf2 gxf5 35. exf5 Rad8 36. Ke3 Ng5 37. Rc1 Re8+ 38. Kd3 Ne4 39. Rxc2 Ng3 40. Rf2 Ne4 41. Rf4 Nf6 42. b6 Nd5 43. Rg4+ Kf8 44. Bc5+ 1-0

[Event "Hoersching op 3rd"]
[Site "Hoersching"]
[Date "2015.09.01"]
[Round "2"]
[White "Kretz, Nikolaus"]
[Black "Fassmann, Klaus Juergen"]
[Result "0-1"]
[WhiteElo "1857"]
[BlackElo "2056"]
[PlyCount "80"]
[EventDate "2015.08.31"]
[EventType "swiss"]
[EventRounds "7"]
[EventCountry "AUT"]
[SourceTitle "EXT 2016"]
[Source "ChessBase"]
[SourceDate "2015.10.08"]
[SourceVersion "1"]
[SourceVersionDate "2015.10.08"]
[SourceQuality "1"]

1. e4 c5 2. Nf3 d6 3. d4 cxd4 4. Nxd4 Nf6 5. Nc3 a6 6. Be2 g6 7. 0-0 Bg7 8. Be3 Bd7 9. f3 0-0 10. Qd2 Nc6 11. Nd5 Rc8 12. c3 Re8 13. Nc2 Nxd5 14. exd5 Ne5 15. b3 Rxc3 16. Nd4 Rc5 17. Bh6 Bh8 18. f4 Ng4 19. Bxg4 Bxg4 20. f5 Rxd5 21. fxg6 hxg6 22. Be3 Rf8 23. Qf2 e5 24. Nc2 e4 25. Rac1 Bb2 26. Rb1 Be5 27. Bb6 Qg5 28. Ne3 Rd3 29. Nc4 Bg7 30. Be3 Qh5 31. h3 Be6 32. Nb2 Rd5 33. Nc4 f5 34. Qg3 b5 35. Nxd6 Rd3 36. Nxe4 fxe4 37. Rxf8+ Bxf8 38. Rf1 Bd6 39. Qf2 Qe5 40. Bf4 Qxf4 0-1

[Event "GER-ch Seniors 21st"]
[Site "Dresden"]
[Date "2009.08.04"]
[Round "3"]
[White "Fassmann, Klaus Juergen"]
[Black "Niebling, Ferdinand"]
[Result "1/2-1/2"]
[WhiteElo "2028"]
[BlackElo "2177"]
[PlyCount "43"]
[EventDate "2009.08.03"]
[EventType "swiss"]
[EventRounds "9"]
[EventCountry "GER"]
[SourceTitle "CBM 131 Extra"]
[Source "ChessBase"]
[SourceDate "2009.09.03"]
[SourceVersion "2"]
[SourceVersionDate "2009.09.16"]
[SourceQuality "1"]

1. d4 Nf6 2. c4 c6 3. Nc3 d5 4. Nf3 e6 5. Bg5 dxc4 6. a4 Bb4 7. Bxf6 Qxf6 8. e3 b5 9. Nd2 Bxc3 10. bxc3 0-0 11. Be2 Qe7 12. Bf3 Bb7 13. 0-0 a6 14. Qb1 Ra7 15. Qa2 Qc7 16. Rfb1 Nd7 17. axb5 cxb5 18. Bxb7 Qxb7 19. Nxc4 Qc6 20. Na5 Qc7 21. c4 bxc4 22. Qxc4 1/2-1/2

[Event "AUT-chT2M 9900"]
[Site "Austria"]
[Date "2000.03.19"]
[Round "11.6"]
[White "Fassmann, Klaus Juergen"]
[Black "Remp, Ulf"]
[Result "1/2-1/2"]
[WhiteElo "2003"]
[BlackElo "1880"]
[PlyCount "120"]
[EventDate "1999.??.??"]
[EventType "team"]
[EventRounds "11"]
[EventCountry "AUT"]
[SourceTitle "EXT 2004"]
[Source "ChessBase"]
[SourceDate "2003.11.25"]
[SourceVersion "1"]
[SourceVersionDate "2003.11.25"]
[SourceQuality "1"]

1. e4 c5 2. Nf3 a6 3. d4 cxd4 4. Nxd4 Nf6 5. Bd3 Nc6 6. Nxc6 dxc6 7. 0-0 e5 8. Qf3 Be7 9. Bd2 Qc7 10. a4 Be6 11. Bc3 Nd7 12. Nd2 0-0 13. Qh5 f6 14. a5 Nc5 15. Be2 Bf7 16. Qh3 Ne6 17. Bc4 Nd4 18. Bxd4 exd4 19. Qb3 Bc5 20. Nf3 Ba7 21. Ra4 c5 22. e5 fxe5 23. Ng5 Bxc4 24. Qxc4+ Kh8 25. Ne6 Qc6 26. Nxf8 Rxf8 27. Ra3 e4 28. Rh3 Qg6 29. Qe2 Re8 30. Qh5 Qxh5 31. Rxh5 c4 32. Re1 d3 33. cxd3 cxd3 34. Rd5 h6 35. Rxd3 Bxf2+ 36. Kxf2 Rf8+ 37. Ke3 exd3 38. Kxd3 Rf5 39. b4 Kg8 40. Re7 Rf7 41. Re8+ Rf8 42. Re7 Rf7 43. Re8+ Rf8 44. Rxf8+ Kxf8 45. Kd4 Ke8 46. Kc5 Kd7 47. Kb6 Kc8 48. g4 Kb8 49. h4 Kc8 50. h5 Kb8 51. b5 axb5 52. Kxb5 Kc7 53. Kc5 Kd7 54. Kd5 Ke7 55. Ke5 Kd7 56. Kd5 Ke7 57. Kc5 Kd7 58. Kb6 Kc8 59. Kb5 Kc7 60. Kc5 Kd7 1/2-1/2

[Event "AUT-chT2M 9900"]
[Site "Austria"]
[Date "2000.02.13"]
[Round "9.6"]
[White "Brestan, Peter"]
[Black "Fassmann, Klaus Juergen"]
[Result "1-0"]
[WhiteElo "2021"]
[BlackElo "2003"]
[PlyCount "49"]
[EventDate "1999.??.??"]
[EventType "team"]
[EventRounds "11"]
[EventCountry "AUT"]
[SourceTitle "EXT 2004"]
[Source "ChessBase"]
[SourceDate "2003.11.25"]
[SourceVersion "1"]
[SourceVersionDate "2003.11.25"]
[SourceQuality "1"]

1. d4 d5 2. c4 e6 3. Nc3 Be7 4. Nf3 Nf6 5. Bg5 c6 6. e3 Nbd7 7. cxd5 exd5 8. Bd3 Ne4 9. Bxe7 Qxe7 10. Qc2 f5 11. 0-0 g6 12. Rab1 0-0 13. b4 Ng5 14. Nxg5 Qxg5 15. b5 f4 16. bxc6 f3 17. g3 bxc6 18. Rfe1 Nf6 19. e4 Qh5 20. exd5 Ng4 21. h4 cxd5 22. Nxd5 Nh6 23. Qc6 Nf5 24. Nf6+ Rxf6 25. Qxf6 1-0